000 00297nam a22001337a 4500
008 180226b xxu||||| |||| 00| 0 eng d
020 _a093598996-X
041 _aeng
080 _a37
100 _a25
101 _aEDU
245 _aPromoting meaningful learning
_cYelland,N.J
942 _2udc
_cBK
999 _c43453
_d43453